00273nam a2200109Ia 4500008004100000082001300041100001900054245003100073260003400104300000900138650001600147191201s2005 xx 000 0 und d a004bGKG aG K Publishers 0aGate 2006 Computer Science aN.DelhibG K Publishersc2005 a8.48 aB.Tech(CSE)